[Event "SVK-chT2 0304"]
[Site "Slovakia"]
[Date "2003.??.??"]
[Round "2"]
[White "Jurcik, Martin"]
[Black "Maracek, Igor"]
[Result "1-0"]
[WhiteElo "2132"]
[BlackElo "2156"]
[PlyCount "103"]
[EventDate "2003.10.??"]
[EventType "team"]
[EventRounds "11"]
[EventCountry "SVK"]
[SourceTitle "EXT 2006"]
[Source "ChessBase"]
[SourceDate "2005.11.24"]
[SourceVersion "1"]
[SourceVersionDate "2005.11.24"]
[SourceQuality "1"]

1. d4 Nf6 2. c4 d6 3. Nc3 g6 4. e4 Bg7 5. Nf3 0-0 6. Be2 e5 7. d5 a5 8. Bg5 h6 9. Bh4 Qe8 10. Nd2 Na6 11. a3 Bd7 12. b3 Nh7 13. f3 f5 14. Bf2 Nf6 15. Rb1 c5 16. Na2 Nc7 17. Qc2 b5 18. cxb5 Nxb5 19. Bxb5 Bxb5 20. Nc4 Qd8 21. Nc3 Ba6 22. exf5 gxf5 23. Qxf5 Bc8 24. Qc2 e4 25. Nxe4 Bf5 26. 0-0 Nxd5 27. Qd2 Nf6 28. Nxf6+ Qxf6 29. Rbd1 Qg6 30. Qxd6 Qxd6 31. Rxd6 Bc2 32. Bxc5 Bxb3 33. Nd2 Bc2 34. Rc1 Ba4 35. Bd4 Rfd8 36. Rxd8+ Rxd8 37. Bxg7 Kxg7 38. Ne4 Bd1 39. Nc5 Rd2 40. Ne4 Rd4 41. Kf2 Bb3 42. Rc3 a4 43. Ke3 Rd1 44. Rc7+ Kg6 45. g4 h5 46. Rc6+ Kf7 47. Ng5+ Ke7 48. gxh5 Rh1 49. h3 Ra1 50. h6 Rxa3 51. f4 Kd7 52. Rc3 1-0